000 00786nam a2200241Ia 4500
003 OSt
005 20220923223910.0
006 a|||||r|||| 00| 0
007 ta
008 220922b |||||||| |||| 00| 0 hin d
024 _a223,070
037 _cTextual
040 _aARTS
_cARTS
_bhin
041 _2hin
_ahin
082 _aNW:(P152), 152P3
100 _aशर्मा, गोविंद
_9156318
245 0 _aहिन्दी सिनेमा
_b पटकथा लेखन
246 _aHindī sinemā: paṭakathā lekhana
260 _aमुंबई
_b परिदृश्य प्रकाशन
_c2003
300 _a104पृ.
_ccm.
942 _hNW:(P152), 152P3
_cTEXL
_2CC
999 _c368086
_d368086